Comercio internacional (Registro nro. 7997)

Detalles MARC
000 -LEADER
fixed length control field 00640 a2200229 4500
001 - CONTROL NUMBER
control field 63115
005 - DATE AND TIME OF LATEST TRANSACTION
control field 20260407155926.0
008 - FIXED-LENGTH DATA ELEMENTS--GENERAL INFORMATION
fixed length control field 260407a1955 arg spa d
003 - CONTROL NUMBER IDENTIFIER
control field AR-UNSa-BCEJYS
040 ## - CATALOGING SOURCE
Original cataloging agency AR-UNSa-BCEJYS
Language of cataloging spa
Transcribing agency AR-UNSa-BCEJYS
080 ## - UNIVERSAL DECIMAL CLASSIFICATION NUMBER
Universal Decimal Classification number 339.5
Common auxiliary subdivision Comercio exterior. Comercio Internacional
041 ## - LANGUAGE CODE
Language code of text/sound track or separate title spa
100 1# - MAIN ENTRY--PERSONAL NAME
Personal name Ellsworth, P.T.
245 10 - TITLE STATEMENT
Title Comercio internacional
250 ## - EDITION STATEMENT
Edition statement 3a. ed.
264 #1 - PRODUCTION, PUBLICATION, DISTRIBUTION, MANUFACTURE, AND COPYRIGHT NOTICE
Place of production, publication, distribution, manufacture México :
Name of producer, publisher, distributor, manufacturer Fondo de Cultura Económica
Date of production, publication, distribution, manufacture, or copyright notice 1955
300 ## - PHYSICAL DESCRIPTION
Extent 461 p.
Dimensions 22 cm.
590 ## - LOCAL NOTE (RLIN)
Local note niveau_biblio:m niveau_hierar:0
700 1# - ADDED ENTRY--PERSONAL NAME
Personal name Márquez, Javier
700 1# - ADDED ENTRY--PERSONAL NAME
Personal name Urquidi, Víctor L.
942 ## - ADDED ENTRY ELEMENTS (KOHA)
Koha item type
Existencias
Withdrawn status Lost status Damaged status Not for loan Home library Current library Shelving location Date acquired Total checkouts Full call number Barcode Date last seen Price effective from Koha item type
        Biblioteca Prof. Eusebio Cleto del Rey Biblioteca Prof. Eusebio Cleto del Rey   07/04/2026   339.5 E44 3ed. L20250 07/04/2026 07/04/2026 Libro